Sociálne prostredie a výchova ako predmet záujmu sociálnej pedagogiky

Zameranie sa na rodinu ako na prirodzené sociálne prostredie a predmet záujmu sociálnej pedagogiky. Opis znakov lokálneho prostredia a jeho vplyvu na človeka. Školská preventívna sociálno-výchovná práca z aspektu funkcie sociálneho pedagóga.

Salvato in:
Dettagli Bibliografici
Autore principale: Hroncová, Jolana
Natura: Capitolo di libro
Lingua:slovacco
Soggetti:
Tags: Aggiungi Tag
Nessun Tag, puoi essere il primo ad aggiungerne!!

MARC

LEADER 00000naa a2200000 4500
001 0256214
005 20241125122331.2
041 0 |a slo 
044 |a SK 
245 1 0 |a Sociálne prostredie a výchova ako predmet záujmu sociálnej pedagogiky  |c Jolana Hroncová 
520 |a Zameranie sa na rodinu ako na prirodzené sociálne prostredie a predmet záujmu sociálnej pedagogiky. Opis znakov lokálneho prostredia a jeho vplyvu na človeka. Školská preventívna sociálno-výchovná práca z aspektu funkcie sociálneho pedagóga. 
610 2 0 |a učitelia 
610 2 0 |a pedagogika sociálna 
610 2 0 |a prostredie sociálne 
610 2 0 |a rodina 
610 2 0 |a socializácia 
610 2 0 |a výchova 
610 2 0 |a prevencia sociálna 
610 2 0 |a mládež 
100 1 |a Hroncová, Jolana